000
00305nam a22001337a 4500
020
_a
81-85391-49-1
082
_a
823
_b
STE/K
245
_a
KIDNAPPED
_b
SHORT STORY
246
_a
KIDNAPPED
_b
SHORT STORY
260
_a
DELHI
_b
ROHAN BOOK COMPANY
300
_a
200
520
_a
CHILDRENS SHORT STORY
942
_c
BK
999
_c
382
_d
382